| 000 | 00448cam a22001337a 4500 | ||
|---|---|---|---|
| 008 | 180718b1972 xxu||||| |||| 00| 0 eng d | ||
| 082 | _aA6x54 D873 | ||
| 100 | _aDuff, C. Mabel | ||
| 245 |
_aChronology of Indian history form be earliest times tos the beginning of the sixteenth century _cby Mabel C. Duff |
||
| 260 |
_aDelhi _bCosmo Pub. _c1972 |
||
| 300 | _a409p. | ||
| 500 | _aStudies in Indian History No.2., Rs.65. 00 | ||
| 650 | _aIndia- History | ||
| 999 |
_c343435 _d343435 |
||